| 000 -LEADER |
| fixed length control field |
01450cam a2200373 a 4500 |
| 001 - CONTROL NUMBER |
| control field |
1687137 |
| 003 - CONTROL NUMBER IDENTIFIER |
| control field |
NUST-PNEC |
| 005 - DATE AND TIME OF LATEST TRANSACTION |
| control field |
20170116180735.0 |
| 008 - FIXED-LENGTH DATA ELEMENTS--GENERAL INFORMATION |
| fixed length control field |
981207s1999 njua b 001 0 eng d |
| 010 ## - LIBRARY OF CONGRESS CONTROL NUMBER |
| LC control number |
99162324 |
| 020 ## - INTERNATIONAL STANDARD BOOK NUMBER |
| International Standard Book Number |
0130814385 |
| 035 ## - SYSTEM CONTROL NUMBER |
| System control number |
(DLC) 99162324 |
| 035 ## - SYSTEM CONTROL NUMBER |
| System control number |
(OCoLC)40449540 |
| 040 ## - CATALOGING SOURCE |
| Original cataloging agency |
InIR |
| Transcribing agency |
PNEC |
| Modifying agency |
DLC |
| 042 ## - AUTHENTICATION CODE |
| Authentication code |
lccopycat |
| 050 00 - LIBRARY OF CONGRESS CALL NUMBER |
| Classification number |
QA76.8.A176 |
| Item number |
E93 1999 |
| 082 ## - DEWEY DECIMAL CLASSIFICATION NUMBER |
| Classification number |
005.74 EVA |
| 100 1# - MAIN ENTRY--PERSONAL NAME |
| Personal name |
Evans, James S. |
| 245 10 - TITLE STATEMENT |
| Title |
Alpha RISC architecture for programmers / |
| Statement of responsibility, etc. |
James S. Evans, Richard H. Eckhouse. |
| 246 3# - VARYING FORM OF TITLE |
| Title proper/short title |
Alpha reduced instruction set computer architecture for programmers |
| 260 ## - PUBLICATION, DISTRIBUTION, ETC. |
| Place of publication, distribution, etc. |
Upper Saddle River, N.J. : |
| Name of publisher, distributor, etc. |
Prentice Hall PTR, |
| Date of publication, distribution, etc. |
c1999. |
| 300 ## - PHYSICAL DESCRIPTION |
| Extent |
xviii, 426 p. : |
| Other physical details |
ill. ; |
| Dimensions |
25 cm. |
| 504 ## - BIBLIOGRAPHY, ETC. NOTE |
| Bibliography, etc. note |
Includes bibliographical references and index. |
| 650 #0 - SUBJECT ADDED ENTRY--TOPICAL TERM |
| Topical term or geographic name entry element |
Alpha (Microprocessor) |
| General subdivision |
Computer, MIS |
| 650 #0 - SUBJECT ADDED ENTRY--TOPICAL TERM |
| Topical term or geographic name entry element |
RISC microprocessors. |
| 650 #0 - SUBJECT ADDED ENTRY--TOPICAL TERM |
| Topical term or geographic name entry element |
Assembly languages (Electronic computers) |
| 650 #0 - SUBJECT ADDED ENTRY--TOPICAL TERM |
| Topical term or geographic name entry element |
Computer architecture. |
| 700 1# - ADDED ENTRY--PERSONAL NAME |
| Personal name |
Eckhouse, Richard H., |
| Dates associated with a name |
1940- |
| 710 2# - ADDED ENTRY--CORPORATE NAME |
| Corporate name or jurisdiction name as entry element |
Prentice Hall PTR. |
| 856 ## - ELECTRONIC LOCATION AND ACCESS |
| Uniform Resource Identifier |
<a href="http://www.amazon.com/Alpha-Architecture-Programmers-James-Evans/dp/0130814385/ref=sr_1_1?s=books&ie=UTF8&qid=1416658635&sr=1-1&keywords=0130814385">http://www.amazon.com/Alpha-Architecture-Programmers-James-Evans/dp/0130814385/ref=sr_1_1?s=books&ie=UTF8&qid=1416658635&sr=1-1&keywords=0130814385</a> |
| 906 ## - LOCAL DATA ELEMENT F, LDF (RLIN) |
| a |
7 |
| b |
cbc |
| c |
copycat |
| d |
2 |
| e |
ncip |
| f |
19 |
| g |
y-gencatlg |
| 942 ## - ADDED ENTRY ELEMENTS (KOHA) |
| Source of classification or shelving scheme |
|
| Koha item type |
Book |